| 000 | 01351cam a2200397 i 4500 | ||
|---|---|---|---|
| 999 |
_c200438416 _d56628 |
||
| 001 | 200438416 | ||
| 003 | TR-AnTOB | ||
| 005 | 20240824073707.0 | ||
| 007 | ta | ||
| 008 | 050405t20042004fr b 000 0 eng | ||
| 010 | _a2005617251 | ||
| 020 | _a9264018492 (pbk.) | ||
| 035 | _a(OCoLC)59003286 | ||
| 035 | _a(TR-AnTOB)200438416 | ||
| 040 |
_aDLC _beng _erda _cDLC _dFQG _dUtOrBLW _dTR-AnTOB |
||
| 041 | 0 | _aeng | |
| 043 | _ae-ru--- | ||
| 050 | 0 | 4 |
_aHG5580.2.A3 _bR87 2004 |
| 090 |
_aHG5580.2.A3 _bR87 2004 |
||
| 245 | 0 | 0 |
_aRussian Federation : _bprogress and reform challenges. |
| 264 | 1 |
_aParis : _bOrganisation for Economic Co-operation and development, _c[2004] |
|
| 264 | 4 | _c©2004 | |
| 300 |
_a110 pages ; _c23 cm |
||
| 336 |
_atext _btxt _2rdacontent |
||
| 337 |
_aunmediated _bn _2rdamedia |
||
| 338 |
_avolume _bnc _2rdacarrier |
||
| 490 | 0 | _aOECD investment policy reviews. | |
| 500 | _aAlso published in France under title: Fédération de Russie : progrès et enjeux de la réforme. | ||
| 504 | _aBIB | ||
| 650 | 0 |
_aInvestments, Foreign _xGovernment policy _zRussia (Federation) _982144 |
|
| 651 | 0 |
_aRussia (Federation) _xCommercial policy _9135750 |
|
| 710 | 2 |
_aOrganisation for Economic Co-operation and Development _933753 |
|
| 942 |
_2lcc _cBK |
||